| 000 | 00466nam a22001937a 4500 | ||
|---|---|---|---|
| 003 | OSt | ||
| 005 | 20180116183057.0 | ||
| 008 | 161021b xxu||||| |||| 00| 0 eng d | ||
| 020 | _a0679454772 | ||
| 040 | _c0 | ||
| 082 | _a823.914 DUN 1998 | ||
| 100 | _aDorothy Dunnett | ||
| 245 |
_aCaprice and Rondo _cDorothy Dunnett |
||
| 250 | _a1st | ||
| 260 |
_aUSA _bAlfred A. Knopf _c1998 |
||
| 300 |
_a340 p. _bHB |
||
| 440 | _aCaprice and Rondo | ||
| 942 |
_2ddc _cBK |
||
| 999 |
_c351853 _d351853 |
||